000 00670nam a2200229 4500
003 CBULib
005 20260518145618.0
008 260518b |||||||| |||| 00| 0 eng d
020 _a9780632042272
040 _aCBULib
_bEnglish
_cCBULib
_erda
041 _aeng
050 _aQH 541Cot
100 _95533
_aCotgreave, Peter
245 _aIntroductory ecology
_c/ by Peter Cotgreave ;Irwin Forseth
260 _aOxford :
_bBlackwell Science Ltd,
300 _avii, 278 pages : illustrations
336 _2rdacontent
_aText |
_btxt
337 _2rdamedia
_aUnmediated |
_bn
338 _2rdacarrier
_aVolume
_bnc
700 _95534
_aForseth, Irwin
942 _2lcc
_c002
999 _c86718
_d86718